Penzijní reformy ve střední a východní Evropě

V decembri 2000 sa konala vo Varšave II. medzinárodná konferencia poriadaná Poľskou komorou penzijných fondov venovaná penzijným reformám v strednej a východnej Európe. Na konferencii odzneli aj príspevky o dôchodkových reformách a právnych úpravách v krajinách Európskej únie.

Guardado en:
Detalles Bibliográficos
Autor principal: Samek, Vít
Formato: Capítulo de libro
Lenguaje:checo
Materias:
Etiquetas: Agregar Etiqueta
Sin Etiquetas, Sea el primero en etiquetar este registro!

MARC

LEADER 00000naa a2200000 4500
001 r041905
005 20230913071943.4
041 0 |a cze 
044 |a CZ 
245 1 0 |a Penzijní reformy ve střední a východní Evropě  |c Vít Samek 
520 |a V decembri 2000 sa konala vo Varšave II. medzinárodná konferencia poriadaná Poľskou komorou penzijných fondov venovaná penzijným reformám v strednej a východnej Európe. Na konferencii odzneli aj príspevky o dôchodkových reformách a právnych úpravách v krajinách Európskej únie. 
610 2 0 |a reformy 
610 2 0 |a dôchodky starobné 
610 2 0 |a stredná Európa 
610 2 0 |a východná Európa 
610 2 0 |a SVE 
610 2 0 |a Európska únia 
610 2 0 |a Varšava 
610 2 0 |a 2000 
100 1 |a Samek, Vít